Best Guitarists of All Time - Statistics

General Stats
  • This quiz has been taken 119 times
  • The average score is 15 of 25
Answer Stats
Band(s) Answer #1 Song % Correct
Guns N’ Roses, Velvet Revolver Slash Sweet Child O’ Mine
98%
Queen Brian May Bohemian Rhapsody
88%
AC/DC Angus Young Back In Black
87%
{Solo} Eddie Van Halen Jump
77%
The Rolling Stones Keith Richards Paint it Black
76%
{Solo} Chuck Berry Johnny B. Goode
75%
Cream, Yardbirds, {Solo} Eric Clapton Sunshine of Your Love
75%
Metallica James Hetfield Master of Puppets
75%
Metallica Kirk Hammett Master of Puppets
72%
Pink Floyd David Gilmour Comfortably Numb
70%
Black Sabbath Tony Iommi Iron Man
68%
The Ramones Johnny Ramone Blitzkrieg Bop
63%
U2 The Edge One
63%
Metallica, Megadeth Dave Mustaine Symphony of Destruction
61%
Ozzy Osbourne, Quiet Riot Randy Rhoads Crazy Train
61%
{Solo} Carlos Santana Black Magic Woman
55%
Rage Against The Machine Tim Morello Bulls on Parade
51%
Pantera Dimebag Darrell Walk
44%
{Solo} Stevie Ray Vaughan Texas Flood
44%
KISS Paul Stanley Rock And Roll All Nite
43%
ZZTop Billy Gibbons La Grange
41%
Mötley Crüe Mick Mars Kickstart My Heart
36%
Bon Jovi Ritchie Sambora Living On A Prayer
34%
Poison CC DeVille Every Rose Has Its Thorn
19%
Alice Cooper Band Nita Strauss School’s Out
3%
No matching quizzes found
Score Distribution
Percent of People with Each Score
Percentile by Number Answered
Your Score History
You have not taken this quiz